000 00568nam a2200229Ia 4500
003 OSt
005 20220924135930.0
006 a|||||r|||| 00| 0
007 ta
008 220923b |||||||| |||| 00| 0 ben d
024 _a293098
037 _cTextual
040 _aARTS
_cARTS
_bben
041 _2ben
_aben
082 _aO157,1M98:g, L8
100 _aThakur Kishlay
_9210812
245 0 _aPatherkabi
260 _c1978
650 _aBENGALI LITERATURE
942 _hO157,1M98:g, L8
_cTEXL
_2CC
999 _c442441
_d442441